000 00370nam a2200157Ia 4500
008 151213s9999 xx 000 0 und d
100 _aH. C. White
245 _aThe Metaphysical Poets
_cH. C. White
250 _a1st
260 _aNew York
_bCollen Books
_c1966
300 _a4339 p.
650 _aEnglish
650 _aStory
700 _aH. C. White
999 _c2753
_d2753